सिरि संपिगे, अनु0 बी. आर. नारायण (Record no. 1018158)

MARC details
000 -LEADER
fixed length control field 01238nam a2200289Ia 4500
003 - CONTROL NUMBER IDENTIFIER
control field OSt
005 - DATE AND TIME OF LATEST TRANSACTION
control field 20221005110223.0
008 - FIXED-LENGTH DATA ELEMENTS--GENERAL INFORMATION
fixed length control field 221004b |||||||| |||| 00| 0 kan d
020 ## - INTERNATIONAL STANDARD BOOK NUMBER
International Standard Book Number 8126002646 (pbk)
037 ## - SOURCE OF ACQUISITION
Terms of availability Textual
040 ## - CATALOGING SOURCE
Original cataloging agency CRL
Transcribing agency CRL
Language of cataloging kan
041 ## - LANGUAGE CODE
Source of code kan
Language code of text/sound track or separate title kan
100 ## - MAIN ENTRY--PERSONAL NAME
Personal name कम्बार, चन्द्रशेखर
245 #0 - TITLE STATEMENT
Title सिरि संपिगे, अनु0 बी. आर. नारायण
246 ## - VARYING FORM OF TITLE
Title proper/short title Siri sanpige, anu bī ār nārāyaṇa
260 ## - PUBLICATION, DISTRIBUTION, ETC.
Place of publication, distribution, etc. नई दिल्ली
Name of publisher, distributor, etc. साहित्य अकादेमी भारत
Date of publication, distribution, etc. 1997
300 ## - PHYSICAL DESCRIPTION
Extent 78पृ0
Dimensions cm.
490 ## - SERIES STATEMENT
Series statement साहित्य अकादेमी द्वारा पुरस्कृत कन्नड़ नाटक
650 ## - SUBJECT ADDED ENTRY--TOPICAL TERM
Topical term or geographic name entry element कन्नड़ साहित्य
700 ## - ADDED ENTRY--PERSONAL NAME
Personal name नारायण, बी. आर.
942 ## - ADDED ENTRY ELEMENTS (KOHA)
Classification part O33,2N37,SS, 152N7
Koha item type Textual
Source of classification or shelving scheme
Holdings
Withdrawn status Lost status Damaged status Not for loan Home library Current library Date acquired Source of acquisition Cost, normal purchase price Total Checkouts Full call number Barcode Date last seen Cost, replacement price Price effective from Koha item type Public note
        Central Library Central Library 2022-10-05 529, 19/03/2009, Vani Prakashan 225.00   O33,2N37,SS 152N7 CL1386940 2022-10-05 225.00 2022-10-05 Textual Translated from Kannad to Hindi.
Copyright @ Delhi University Library System